| 000 | 00569nam a2200193 i 4500 | ||
|---|---|---|---|
| 001 | bg | ||
| 100 | 1 | _aGLINKA, Grzegorz | |
| 245 | 0 |
_aPowstawanie i wzrost pęknięć zmęczeniowych / _cGrzegorz Glinka. |
|
| 260 |
_aWarszawa : _bWydawn. Polit. Warsz., _c1981. |
||
| 300 |
_as. 137 : _brys., tab. |
||
| 490 | 1 |
_aPrace Nauk. Poli. Warsz.. Mechanika ; _vZ. 75 |
|
| 504 | _a[Zawiera bibliogr.]. | ||
| 830 | 0 |
_aPrace Nauk. Poli. Warsz.. _pMechanika |
|
| 040 | _cBPK | ||
| 041 | _apol | ||
| 080 | _a539.3/.6 | ||
| 942 | _cKS | ||
| 008 | s pl f |000 0 pol | ||
| 999 |
_c20447 _d20447 |
||
| 856 |
_uhttp://koha.tu.koszalin.pl/cgi-bin/koha/opac-detail.pl?biblionumber=20447 _yKatalog online BPK |
||